| 000 | 00769nam a2200181Ia 4500 | ||
|---|---|---|---|
| 008 | 100917s9999 xx 000 0 und d | ||
| 082 | _b13092 | ||
| 100 | _aकवीश्वर राजारामशास्त्री | ||
| 245 | _aश्री क्षेत्र त्र्यंबकेश्वर माहात्म्य | ||
| 260 | _bभाग्यश्री प्रकाशन | ||
| 300 | _a27 | ||
| 365 | _b0.7 | ||
| 520 | _aप्रवास | ||
| 630 | _aश्री क्षेत्र त्र्यंबकेश्वर माहात्म्य | ||
| 650 | _aप्रवास | ||
| 730 | _aश्री क्षेत्र त्र्यंबकेश्वर माहात्म्य | ||
| 942 | _cBOOK | ||
| 999 |
_c618486 _d618483 |
||